00407nam a2200109Ia 4500008004100000100002400041245009700065260002600162300001800188650001200206856007900218160712s9999 xx 000 0 und d aMolina, Victorio B. cVictorio B. MolinaaNon-carcinogenic health risks of heavy metal in mudfish from Laguna Lake c2012bScience Diliman avol. 24 no. 1 xSCIENCE uhttp://journals.upd.edu.ph/index.php/sciencediliman/issue/view/341/showToc